<?xml version="1.0" encoding="UTF-8"?>
<record
    xmlns:xsi="http://www.w3.org/2001/XMLSchema-instance"
    xsi:schemaLocation="http://www.loc.gov/MARC21/slim http://www.loc.gov/standards/marcxml/schema/MARC21slim.xsd"
    xmlns="http://www.loc.gov/MARC21/slim">

  <leader>04423cam a22005054i 4500</leader>
  <controlfield tag="003">PE-LiUPU</controlfield>
  <controlfield tag="005">20250731173054.0</controlfield>
  <controlfield tag="008">180509s2017    ne      rb    001 0 eng d</controlfield>
  <datafield tag="020" ind1=" " ind2=" ">
    <subfield code="a">9789004328716</subfield>
  </datafield>
  <datafield tag="035" ind1=" " ind2=" ">
    <subfield code="a">(Sirsi) a241514</subfield>
  </datafield>
  <datafield tag="040" ind1=" " ind2=" ">
    <subfield code="a">PE-LiUPU</subfield>
    <subfield code="b">spa</subfield>
    <subfield code="c">PE-LiUPU</subfield>
    <subfield code="e">rda</subfield>
  </datafield>
  <datafield tag="049" ind1=" " ind2=" ">
    <subfield code="a">PRUA</subfield>
  </datafield>
  <datafield tag="082" ind1="0" ind2="4">
    <subfield code="a">299.936</subfield>
    <subfield code="b">H2</subfield>
    <subfield code="2">23</subfield>
  </datafield>
  <datafield tag="245" ind1="0" ind2="0">
    <subfield code="a">Handbook of Scientology /</subfield>
    <subfield code="c">edited by James R. Lewis, Kjersti Helles&#xF8;y.</subfield>
  </datafield>
  <datafield tag="264" ind1=" " ind2="1">
    <subfield code="a">Leiden ;</subfield>
    <subfield code="a">Boston :</subfield>
    <subfield code="b">Brill,</subfield>
    <subfield code="c">2017.</subfield>
  </datafield>
  <datafield tag="300" ind1=" " ind2=" ">
    <subfield code="a">xxvii, 592 p&#xE1;ginas ;</subfield>
    <subfield code="c">25 cent&#xED;metros.</subfield>
  </datafield>
  <datafield tag="336" ind1=" " ind2=" ">
    <subfield code="a">text</subfield>
    <subfield code="2">rdacontent</subfield>
  </datafield>
  <datafield tag="337" ind1=" " ind2=" ">
    <subfield code="a">unmediated</subfield>
    <subfield code="2">rdamedia</subfield>
  </datafield>
  <datafield tag="338" ind1=" " ind2=" ">
    <subfield code="a">volume</subfield>
    <subfield code="2">rdacarrier</subfield>
  </datafield>
  <datafield tag="490" ind1="0" ind2=" ">
    <subfield code="a">Brill handbooks on contemporary religion,</subfield>
    <subfield code="x">1874-6691 ;</subfield>
    <subfield code="v">volume 14</subfield>
  </datafield>
  <datafield tag="504" ind1=" " ind2=" ">
    <subfield code="a">Bibliograf&#xED;a al final de cada cap&#xED;tulo.</subfield>
  </datafield>
  <datafield tag="504" ind1=" " ind2=" ">
    <subfield code="a">&#xCD;ndice : p&#xE1;ginas 585-592.</subfield>
  </datafield>
  <datafield tag="505" ind1="0" ind2=" ">
    <subfield code="a">Chronology of major events in the history and development of Dianetics and Scientology -- Introduction / James R Lewis and Kjersti Helles&#xF8;y -- Introductory essays -- Researching Scientology and scientologists in the United States : methods and conclusions / Donald A. Westbrook ; Rethinking Scientology : an analysis of L. Ron Hubbard's formulation of therapy and religion in Dianetics and Scientology, 1950-1986 / Dorthe Refslund Christensen -- Images of religions and religious history in the works of L. Ron Hubbard / Marco Frenschkowski -- Not an extraordinary group : scientologists in Hungary and Germany : comparative survey data / Andr&#xE1;s M&#xE1;t&#xE9;-T&#xF3;th and G&#xE1;bor D&#xE1;niel Nagy -- The relative success of the Church of Scientology : a discussion / Liselotte Frisk -- Scientology and marketplace religion. Scientology as 'corporate religion' / Renee Lockwood ; The price of freedom : Scientology and neoliberalism / Michelle Swainson -- Controversy. Deconstructing the Scientology 'monster' of popular imagination / Erin Prophet -- The Anderson inquiry and its Australian aftermath 1963-1973 / Bernard Doherty ; 'Secrets, secrets, SECRETS!' Concealment, surveillance, and information-control in the Church of Scientology / Hugh B. Urban ; Hermeneutics of suspicion : Scientology and conspiracism / David G. Robertson -- Media treatments. News media, the Internet and the Church of Scientology / Nicole S. Ruskell and James R. Lewis ; "LRH4ALL!" : the negotiation of information in the Church of Scientology and the open source Scientology movement / Shannon Trouper Schorey ; Scientology in Paul Thomas Anderson's The master (2012) / Johanna J.M. Petsche ; The going clear documentary : a matter of framing / Benjamin E. Zeller -- Part 5: Sex and gender. The cult of Geeks : religion, gender and Scientology / Inga B&#xE5;rdsen Tollefsen and James R. Lewis ; Sexuality in three ex-Scientology narratives / Don Jolly -- Part 6: Disaffiliation and schisms. Affiliation, disaffiliation and its significance for the individual's post-movement faith : a sociological study of disaffiliated scientologists with emphasis on their post-apostatic religious behavior and attitudes / Elisabeth Tuxen Rubin ; Scientology schismatics / Kjersti Helles&#xF8;y ; The Dror Center sch&#xED;sm, the Cook letter and Scientology's legitimation crisis / James R. Lewis ; "Squirrels" and unauthorized uses of Scientology : Werner Erhard and EST, Ken Dyers and Kenja, and Harvey Jackins and re-evaluation counselling / Carole M. Cusack -- Part 7: LRH and his legacy. Space, place and religious hardware : L. Ron Hubbard's charismatic authority in the Church of Scientology / Mikael Rothstein ; Astounding history : L. Ron Hubbard's Scientology space opera / Susan Raine -- The Citizens Commission on Human Rights and Scientology's war against psychiatry / Matthew Charet.</subfield>
  </datafield>
  <datafield tag="526" ind1=" " ind2=" ">
    <subfield code="a">SEG42</subfield>
  </datafield>
  <datafield tag="526" ind1=" " ind2=" ">
    <subfield code="a">SEG41</subfield>
  </datafield>
  <datafield tag="526" ind1=" " ind2=" ">
    <subfield code="a">SEG40</subfield>
  </datafield>
  <datafield tag="526" ind1=" " ind2=" ">
    <subfield code="a">SEG39</subfield>
  </datafield>
  <datafield tag="526" ind1=" " ind2=" ">
    <subfield code="a">P94</subfield>
  </datafield>
  <datafield tag="526" ind1=" " ind2=" ">
    <subfield code="a">P87</subfield>
  </datafield>
  <datafield tag="526" ind1=" " ind2=" ">
    <subfield code="a">P86</subfield>
  </datafield>
  <datafield tag="526" ind1=" " ind2=" ">
    <subfield code="a">P85</subfield>
  </datafield>
  <datafield tag="526" ind1=" " ind2=" ">
    <subfield code="a">P77</subfield>
  </datafield>
  <datafield tag="526" ind1=" " ind2=" ">
    <subfield code="a">P76</subfield>
  </datafield>
  <datafield tag="526" ind1=" " ind2=" ">
    <subfield code="a">P35</subfield>
  </datafield>
  <datafield tag="541" ind1=" " ind2=" ">
    <subfield code="2">0180305;</subfield>
  </datafield>
  <datafield tag="650" ind1="0" ind2="4">
    <subfield code="a">Scientology.</subfield>
  </datafield>
  <datafield tag="650" ind1="0" ind2="4">
    <subfield code="a">Cienciolog&#xED;a.</subfield>
  </datafield>
  <datafield tag="700" ind1="1" ind2=" ">
    <subfield code="a">Helles&#xF8;y, Kjersti,</subfield>
    <subfield code="e">editor.</subfield>
  </datafield>
  <datafield tag="700" ind1="1" ind2=" ">
    <subfield code="a">Lewis, James R.,</subfield>
    <subfield code="e">editor.</subfield>
  </datafield>
  <datafield tag="910" ind1=" " ind2=" ">
    <subfield code="a">dbm</subfield>
    <subfield code="b">jpc</subfield>
    <subfield code="c">jpc</subfield>
    <subfield code="d">20180309</subfield>
  </datafield>
  <datafield tag="942" ind1=" " ind2=" ">
    <subfield code="2">ddc</subfield>
    <subfield code="c">BOOK</subfield>
  </datafield>
  <datafield tag="994" ind1=" " ind2=" ">
    <subfield code="a">C0</subfield>
    <subfield code="b">PEPRU</subfield>
  </datafield>
  <datafield tag="596" ind1=" " ind2=" ">
    <subfield code="a">1</subfield>
  </datafield>
  <datafield tag="999" ind1=" " ind2=" ">
    <subfield code="a">299.936 H2</subfield>
    <subfield code="w">DEWEY</subfield>
    <subfield code="c">27141</subfield>
    <subfield code="i">78416</subfield>
    <subfield code="f">2021-11-11</subfield>
    <subfield code="g">4</subfield>
    <subfield code="l">CCODEBUL1</subfield>
    <subfield code="m">BUL</subfield>
    <subfield code="p">226.00</subfield>
    <subfield code="r">0</subfield>
    <subfield code="s">Y</subfield>
    <subfield code="t">BOOK</subfield>
    <subfield code="u">2018-3-9</subfield>
    <subfield code="x">TEOLOGIA</subfield>
    <subfield code="P">P35</subfield>
    <subfield code="0">DONACION</subfield>
    <subfield code="o">.STAFF. Colecci&#xF3;n Teolog&#xED;a</subfield>
    <subfield code="d">27141</subfield>
  </datafield>
  <datafield tag="980" ind1=" " ind2=" ">
    <subfield code="8">1</subfield>
    <subfield code="g">ALBERTO SANCHEZ Responsable de Automatizaci&#xF3;n</subfield>
  </datafield>
  <datafield tag="952" ind1=" " ind2=" ">
    <subfield code="r">2025-12-02 00:00:00</subfield>
    <subfield code="i">5</subfield>
    <subfield code="l">1</subfield>
    <subfield code="o">299.936 H2</subfield>
    <subfield code="p">78416</subfield>
    <subfield code="s">2023-03-22</subfield>
    <subfield code="t">e1</subfield>
    <subfield code="v">231.00</subfield>
    <subfield code="w">2018-03-09</subfield>
    <subfield code="x">FT</subfield>
    <subfield code="y">BK</subfield>
    <subfield code="z">inventario-2023-12-13</subfield>
    <subfield code="1">0</subfield>
    <subfield code="2">ddc</subfield>
    <subfield code="5">0</subfield>
    <subfield code="7">0</subfield>
    <subfield code="8">GEN</subfield>
    <subfield code="f">P35</subfield>
    <subfield code="a">BUL</subfield>
    <subfield code="b">BUL</subfield>
    <subfield code="c">GEN</subfield>
    <subfield code="d">2018-03-09</subfield>
    <subfield code="e">DONACION</subfield>
    <subfield code="g">226.00</subfield>
  </datafield>
</record>
